[Event "FRA-chT2b 0304"]
[Site "France"]
[Date "2004.04.03"]
[Round "10"]
[White "Marx, Nicolas"]
[Black "Chevaldonnet, Francois"]
[Result "0-1"]
[WhiteElo "2094"]
[BlackElo "2286"]
[PlyCount "84"]
[EventDate "2003.10.??"]
[EventType "team-tourn"]
[EventRounds "11"]
[EventCountry "FRA"]
[SourceTitle "EXT 2005"]
[Source "ChessBase"]
[SourceDate "2004.11.15"]
[SourceVersion "1"]
[SourceVersionDate "2004.11.15"]
[SourceQuality "1"]

1. d4 Nf6 2. Nf3 g6 3. c4 Bg7 4. Nc3 0-0 5. e4 d6 6. Be2 e5 7. Be3 Nc6 8. d5 Ne7 9. Nd2 Ne8 10. 0-0 f5 11. f3 f4 12. Bf2 g5 13. c5 Rf7 14. Nc4 Bf8 15. Rc1 Ng6 16. cxd6 Bxd6 17. Nb5 b6 18. Qc2 Rg7 19. a4 h5 20. Qd1 Nf6 21. Ncxd6 cxd6 22. Rc6 Ne8 23. a5 bxa5 24. b3 Ne7 25. Rc3 g4 26. Nxa7 g3 27. hxg3 fxg3 28. Be3 Ng6 29. Qd2 Qh4 30. Rfc1 Bd7 31. Nc6 Nf4 32. Bb5 Qh2+ 33. Kf1 Qh1+ 34. Bg1 Nxg2 35. Ne7+ Rxe7 36. Bxd7 Nf4 37. Be6+ Kf8 38. Qe3 Rb8 39. Bf5 h4 40. Rc8 Rxb3 41. R8c3 Rxc3 42. Rxc3 h3 0-1

[Event "FRA-chT2 0304"]
[Site "France"]
[Date "2003.12.07"]
[Round "4"]
[White "Sermier, Guillaume"]
[Black "Chevaldonnet, Francois"]
[Result "1-0"]
[WhiteElo "2376"]
[BlackElo "2286"]
[PlyCount "117"]
[EventDate "2003.10.??"]
[EventType "team-tourn"]
[EventRounds "11"]
[EventCountry "FRA"]
[SourceTitle "EXT 2005"]
[Source "ChessBase"]
[SourceDate "2004.11.15"]
[SourceVersion "1"]
[SourceVersionDate "2004.11.15"]
[SourceQuality "1"]

1. d4 Nf6 2. c4 g6 3. Nc3 Bg7 4. e4 d6 5. Nf3 0-0 6. Be2 e5 7. dxe5 dxe5 8. Qxd8 Rxd8 9. Bg5 Re8 10. 0-0-0 Bg4 11. h3 Bxf3 12. Bxf3 Nc6 13. Nb5 Re7 14. Be3 Nd4 15. Nxd4 exd4 16. Rxd4 c5 17. Rd3 Nxe4 18. Rhd1 f5 19. Rd8+ Rxd8 20. Rxd8+ Kf7 21. Bxe4 Rxe4 22. Rd7+ Kg8 23. b3 b6 24. g3 g5 25. Bxg5 Bd4 26. Kd2 Bxf2 27. Bf4 Re1 28. Rxa7 Rg1 29. Be5 Bd4 30. Rg7+ Kf8 31. Bxd4 cxd4 32. Rg5 Ke7 33. Rxf5 Rxg3 34. Rh5 Rg2+ 35. Kd3 Rxa2 36. Rxh7+ Kd6 37. Kxd4 Rf2 38. Rh6+ Kc7 39. Kc3 Rf3+ 40. Kb4 Rg3 41. h4 Rh3 42. Ka4 Kb7 43. b4 Rf3 44. Kb5 Rf5+ 45. c5 bxc5 46. bxc5 Rf4 47. Rh7+ Kc8 48. Kb6 Rb4+ 49. Kc6 Kb8 50. Rh8+ Ka7 51. h5 Rh4 52. h6 Rh1 53. Kc7 Rh5 54. c6 Rh1 55. Kd7 Rd1+ 56. Kc8 Kb6 57. c7 Rc1 58. Rh7 Kc6 59. Rg7 1-0

[Event "Besancon ABC"]
[Site "Besancon"]
[Date "2003.07.10"]
[Round "6"]
[White "Gervasio, Ricardo"]
[Black "Chevaldonnet, Francois"]
[Result "0-1"]
[WhiteElo "2310"]
[BlackElo "2264"]
[PlyCount "164"]
[EventDate "2003.07.??"]
[EventType "tourn"]
[EventRounds "10"]
[EventCountry "FRA"]
[EventCategory "3"]
[SourceTitle "CBM 095 Extra"]
[Source "ChessBase"]
[SourceDate "2003.09.04"]
[SourceVersion "1"]
[SourceVersionDate "2003.09.04"]
[SourceQuality "1"]

1. d4 Nf6 2. Nf3 g6 3. c4 Bg7 4. Nc3 0-0 5. e4 d6 6. h3 c5 7. dxc5 Qa5 8. Bd2 Qxc5 9. Be3 Qa5 10. Nd2 Nc6 11. Be2 Nd7 12. 0-0 Qd8 13. Nb3 b6 14. Nd4 Bb7 15. Rc1 Rc8 16. f4 Nxd4 17. Bxd4 e5 18. Be3 Nc5 19. fxe5 dxe5 20. Bg4 Ra8 21. Bxc5 bxc5 22. Nd5 h5 23. Bf3 Bh6 24. Rc3 Rb8 25. b3 Qh4 26. Rd3 Bxd5 27. cxd5 Bf4 28. Qe1 Qg5 29. h4 Qg3 30. Qxg3 Bxg3 31. Bxh5 Bxh4 32. Bf3 Rb4 33. Rc3 Be7 34. Rfc1 Rfb8 35. Rc4 a5 36. Be2 Kg7 37. R1c2 Kf6 38. Rxb4 axb4 39. Bc4 Rf8 40. g3 Kg5 41. Rh2 Bd6 42. Rh7 Kf6 43. Bd3 Ra8 44. Rh2 Kg7 45. Re2 Rf8 46. Kg2 f5 47. Rf2 f4 48. Be2 Kf6 49. Bg4 Kg5 50. Bf3 Ra8 51. Re2 Ra7 52. Rc2 Kf6 53. Bg4 Bf8 54. Kf3 Bd6 55. Rh2 c4 56. Rc2 cxb3 57. axb3 Ra3 58. Rb2 Ra1 59. Bd7 Rc1 60. gxf4 exf4 61. Bb5 Rc3+ 62. Kg2 Rg3+ 63. Kf1 Re3 64. Bc4 g5 65. Rh2 Rf3+ 66. Ke2 Re3+ 67. Kf1 Rxe4 68. Rh6+ Ke7 69. Rh7+ Kd8 70. Bb5 Re7 71. Rxe7 Kxe7 72. Be2 Kf6 73. Kf2 Kf5 74. Bd3+ Kg4 75. Be2+ Kh4 76. Kf3 g4+ 77. Ke4 f3 78. Bc4 Kh3 79. Bf1+ Kh2 80. Ke3 Kg1 81. Bc4 f2 82. Ke4 f1Q 0-1

[Event "FRA-chT2O 0203"]
[Site "France"]
[Date "2003.04.05"]
[Round "10.3"]
[White "Roos, Louis"]
[Black "Chevaldonnet, Francois"]
[Result "1/2-1/2"]
[WhiteElo "2334"]
[BlackElo "2244"]
[PlyCount "75"]
[EventDate "2002.10.??"]
[EventType "team-tourn"]
[EventRounds "11"]
[EventCountry "FRA"]
[SourceTitle "EXT 2004"]
[Source "ChessBase"]
[SourceDate "2003.11.25"]
[SourceVersion "1"]
[SourceVersionDate "2003.11.25"]
[SourceQuality "1"]
[WhiteTeam "Strasbourg"]
[BlackTeam "Besancon"]
[WhiteTeamCountry "FRA"]
[BlackTeamCountry "FRA"]

1. c4 Nf6 2. Nc3 g6 3. g3 Bg7 4. Bg2 0-0 5. e3 d6 6. Nge2 e5 7. 0-0 c6 8. b3 d5 9. d3 Be6 10. Bb2 Re8 11. h3 Nbd7 12. Rc1 Rc8 13. Kh2 a6 14. Qd2 Nb6 15. cxd5 cxd5 16. b4 Nbd7 17. Na4 b5 18. Rxc8 Qxc8 19. Rc1 Qb7 20. Nc5 Nxc5 21. bxc5 Qc7 22. f4 Nh5 23. Bf3 exf4 24. exf4 Bxb2 25. Qxb2 Bf5 26. Qd2 Nf6 27. Nd4 h5 28. c6 Qb6 29. Nxf5 gxf5 30. Qb2 Qe3 31. c7 Qxf3 32. c8Q Rxc8 33. Rxc8+ Kg7 34. Rc6 d4 35. Rxa6 Qxd3 36. Rd6 Qc3 37. Qf2 d3 38. Qd4 1/2-1/2

[Event "FRA-chT2O 0203"]
[Site "France"]
[Date "2002.12.08"]
[Round "4.4"]
[White "Chevaldonnet, Francois"]
[Black "Safranska, Anda"]
[Result "1-0"]
[WhiteElo "2244"]
[BlackElo "2314"]
[PlyCount "117"]
[EventDate "2002.10.??"]
[EventType "team-tourn"]
[EventRounds "11"]
[EventCountry "FRA"]
[SourceTitle "EXT 2004"]
[Source "ChessBase"]
[SourceDate "2003.11.25"]
[SourceVersion "1"]
[SourceVersionDate "2003.11.25"]
[SourceQuality "1"]
[WhiteTeam "Besancon"]
[BlackTeam "Lyon Olympique"]
[WhiteTeamCountry "FRA"]
[BlackTeamCountry "FRA"]

1. e4 g6 2. d4 Bg7 3. g3 d6 4. Bg2 Nf6 5. Ne2 0-0 6. 0-0 e5 7. Nbc3 Nc6 8. dxe5 dxe5 9. Nd5 h6 10. Be3 b6 11. h3 Kh7 12. Qd2 Ba6 13. Rfe1 Na5 14. b3 c6 15. Nb4 Bc8 16. Rad1 Be6 17. Qc3 Qc8 18. Kh2 Re8 19. Rd2 Rb8 20. Red1 c5 21. Nd3 Nc6 22. Qb2 Rb7 23. Ne1 Rd7 24. Rxd7 Bxd7 25. c3 Be6 26. Qc2 Nd7 27. g4 Nf8 28. Ng3 Bd7 29. Bf1 Qc7 30. Ng2 Ne6 31. Bc4 Bc8 32. Qc1 Rd8 33. Rxd8 Qxd8 34. Qd2 Qxd2 35. Bxd2 Kg8 36. Ne2 Kf8 37. Ne3 a6 38. a4 Na5 39. Nd5 b5 40. axb5 axb5 41. Bxb5 Nxb3 42. Be3 Bb7 43. f3 f5 44. Ba4 Na5 45. gxf5 gxf5 46. exf5 Bxd5 47. fxe6 Nb7 48. Ng3 Bxf3 49. Nf5 Bf6 50. Bxh6+ Kg8 51. e7 Bxe7 52. Nxe7+ Kf7 53. Bc6 Bxc6 54. Nxc6 Kf6 55. Kg3 Nd6 56. Kf3 Kf5 57. Bf8 e4+ 58. Ke2 Nb7 59. Ke3 1-0

[Event "FRA-chT2O 0203"]
[Site "France"]
[Date "2002.11.17"]
[Round "3.5"]
[White "Chevaldonnet, Francois"]
[Black "Hirardin, Vincent"]
[Result "0-1"]
[WhiteElo "2244"]
[BlackElo "2270"]
[PlyCount "56"]
[EventDate "2002.10.??"]
[EventType "team-tourn"]
[EventRounds "11"]
[EventCountry "FRA"]
[SourceTitle "EXT 2004"]
[Source "ChessBase"]
[SourceDate "2003.11.25"]
[SourceVersion "1"]
[SourceVersionDate "2003.11.25"]
[SourceQuality "1"]
[WhiteTeam "Besancon"]
[BlackTeam "Chalons en Champagne"]
[WhiteTeamCountry "FRA"]
[BlackTeamCountry "FRA"]

1. e4 e6 2. d4 d5 3. e5 c5 4. c3 Nc6 5. Nf3 cxd4 6. cxd4 Qb6 7. a3 a5 8. Bd3 Bd7 9. 0-0 f5 10. Nc3 Nh6 11. Nb5 Nf7 12. Bf4 Be7 13. h4 0-0 14. Bg5 Bxg5 15. hxg5 a4 16. Qe2 Na5 17. Rad1 Rac8 18. Nc3 Nb3 19. Rfe1 Nxd4 20. Nxd4 Qxd4 21. Bxf5 Qh4 22. Nxd5 Qxg5 23. Bh3 Rc5 24. f4 Qh4 25. Qe3 Rc2 26. Rd2 Rxd2 27. Qxd2 Rd8 28. Nc7 Qe7 0-1

[Event "Budapest FS02 IM"]
[Site "Budapest"]
[Date "2002.02.10"]
[Round "9"]
[White "Boros, Denes"]
[Black "Chevaldonnet, Francois"]
[Result "1-0"]
[WhiteElo "2240"]
[BlackElo "2254"]
[PlyCount "81"]
[EventDate "2002.02.02"]
[EventType "tourn"]
[EventRounds "11"]
[EventCountry "HUN"]
[EventCategory "2"]
[SourceTitle "CBM 086 Extra"]
[Source "ChessBase"]
[SourceDate "2002.03.14"]
[SourceVersion "1"]
[SourceVersionDate "2002.03.14"]
[SourceQuality "1"]

1. e4 d5 2. exd5 Nf6 3. d4 Nxd5 4. Nf3 Bg4 5. c4 Nb6 6. c5 N6d7 7. Bc4 e6 8. h3 Bh5 9. Be3 Nc6 10. Nc3 Be7 11. g4 Bg6 12. a3 a5 13. h4 h5 14. g5 0-0 15. 0-0 e5 16. Nxe5 Ncxe5 17. dxe5 Nxe5 18. Be2 Bd3 19. f4 Bxe2 20. Qxe2 Ng4 21. Rad1 Qc8 22. Bd4 Re8 23. Qd3 Ra6 24. b4 axb4 25. axb4 Bf8 26. f5 Ra3 27. Rde1 Rxe1 28. Rxe1 Qd7 29. Qe4 Rb3 30. Qd5 Qxd5 31. Nxd5 c6 32. Ne7+ Bxe7 33. Rxe7 Rxb4 34. g6 fxg6 35. fxg6 Kf8 36. Rf7+ Ke8 37. Bxg7 Ne3 38. Kf2 Nd5 39. Bh6 Rg4 40. Rf8+ Kd7 41. g7 1-0

[Event "FRA-chT"]
[Site "France"]
[Date "1995.??.??"]
[Round "?"]
[White "Kappler, Jean Marie"]
[Black "Chevaldonnet, Francois"]
[Result "1-0"]
[WhiteElo "2295"]
[BlackElo "2270"]
[PlyCount "51"]
[EventDate "1995.??.??"]
[EventType "team-tourn"]
[EventRounds "5"]
[EventCountry "FRA"]
[SourceTitle "EXT 2005"]
[Source "ChessBase"]
[SourceDate "2004.11.15"]
[SourceVersion "1"]
[SourceVersionDate "2004.11.15"]
[SourceQuality "1"]

1. c4 Nf6 2. g3 g6 3. b3 Bg7 4. Bb2 0-0 5. Bg2 d6 6. d3 e5 7. Nc3 Nc6 8. e3 Be6 9. Nd5 Qd7 10. Qd2 Ne8 11. h4 Nd8 12. e4 c6 13. Nc3 f5 14. h5 Nf6 15. hxg6 hxg6 16. Qg5 Qf7 17. Qd2 Qd7 18. Nf3 Nf7 19. Nh4 Bh6 20. f4 Kg7 21. 0-0-0 g5 22. exf5 Bxf5 23. Nxf5+ Qxf5 24. Rdg1 g4 25. Ne4 Rad8 26. Rh4 1-0

[Event "Hamburg HSV"]
[Site "Hamburg"]
[Date "1986.??.??"]
[Round "?"]
[White "Bricard, Emmanuel"]
[Black "Chevaldonnet, Francois"]
[Result "1-0"]
[WhiteElo "2310"]
[BlackElo "2290"]
[PlyCount "71"]
[EventDate "1986.??.??"]
[EventType "tourn"]
[EventRounds "11"]
[EventCountry "GER"]
[EventCategory "4"]
[SourceTitle "EXT 1997"]
[Source "ChessBase"]
[SourceDate "1996.11.15"]
[SourceVersion "1"]
[SourceVersionDate "1996.11.15"]
[SourceQuality "1"]

1. d4 Nf6 2. Nf3 g6 3. Bf4 Bg7 4. e3 0-0 5. Be2 d6 6. h3 c5 7. 0-0 Nbd7 8. c4 b6 9. Nc3 a6 10. a4 Re8 11. d5 Ra7 12. e4 h6 13. Qd2 Kh7 14. Ne1 Nf8 15. Nd3 e6 16. Bf3 e5 17. Be3 Ng8 18. b4 f5 19. a5 f4 20. axb6 Qxb6 21. bxc5 Qd8 22. cxd6 fxe3 23. Qxe3 Rf7 24. c5 h5 25. Na4 Bh6 26. Qe2 Qg5 27. Kh2 Nd7 28. c6 Ref8 29. cxd7 Bxd7 30. Nac5 Bxh3 31. gxh3 Rxf3 32. Ne6 Qh4 33. Nxf8+ Rxf8 34. f4 Nf6 35. Qe1 Ng4+ 36. Kg2 1-0

[Event "FRA-SUI"]
[Site "France"]
[Date "1986.??.??"]
[Round "?"]
[White "Gobet, Fernand"]
[Black "Chevaldonnet, Francois"]
[Result "1-0"]
[WhiteElo "2360"]
[BlackElo "2290"]
[PlyCount "30"]
[EventDate "1986.??.??"]
[EventType "team-tourn"]
[EventRounds "1"]
[EventCountry "FRA"]
[SourceTitle "EXT 1997"]
[Source "ChessBase"]
[SourceDate "1996.11.15"]
[SourceVersion "1"]
[SourceVersionDate "1996.11.15"]
[SourceQuality "1"]

1. e4 d5 2. exd5 Nf6 3. c4 c6 4. d4 cxd5 5. Nc3 Nc6 6. Nf3 Bg4 7. cxd5 Nxd5 8. Qb3 Bxf3 9. gxf3 Nb6 10. Be3 e6 11. Rg1 g6 12. 0-0-0 Bg7 13. d5 Nxd5 14. Nxd5 exd5 15. Bc5 Rc8 1-0

[Event "Hamburg HSV"]
[Site "Hamburg"]
[Date "1986.??.??"]
[Round "?"]
[White "Scholz Solis, Guillermo"]
[Black "Chevaldonnet, Francois"]
[Result "1-0"]
[WhiteElo "2355"]
[BlackElo "2290"]
[PlyCount "105"]
[EventDate "1986.??.??"]
[EventType "tourn"]
[EventRounds "11"]
[EventCountry "GER"]
[EventCategory "4"]
[SourceTitle "EXT 1997"]
[Source "ChessBase"]
[SourceDate "1996.11.15"]
[SourceVersion "1"]
[SourceVersionDate "1996.11.15"]
[SourceQuality "1"]

1. d4 Nf6 2. c4 g6 3. Nf3 Bg7 4. g3 0-0 5. Bg2 c6 6. 0-0 d6 7. Nc3 Qa5 8. e4 e5 9. h3 Nbd7 10. Re1 Re8 11. Be3 exd4 12. Nxd4 Nc5 13. Qc2 Be6 14. Rab1 Qc7 15. b4 Ncd7 16. Nxe6 Rxe6 17. f4 Rae8 18. Bf2 b5 19. cxb5 cxb5 20. Rec1 Qb8 21. Qd3 a6 22. a4 bxa4 23. b5 axb5 24. Nxb5 Nc5 25. Bxc5 dxc5 26. e5 Rd8 27. Qc4 Ne8 28. Nd4 Rb6 29. Nc6 Rxb1 30. Nxb8 Rdxb8 31. Rxb1 Rxb1+ 32. Kh2 Bf8 33. Qxa4 Nc7 34. Qa2 Rd1 35. Qc2 Rd4 36. Qc3 Nd5 37. Qb3 Ne7 38. Bf1 Rd2+ 39. Kg1 Nf5 40. Bc4 Nd4 41. Qb7 Ne6 42. Kf1 Nd8 43. Qb3 Kg7 44. Ke1 Rd4 45. Bd5 Be7 46. Ke2 Rb4 47. Qa2 Rd4 48. Ke3 h5 49. Qa8 Rd1 50. g4 hxg4 51. hxg4 Ne6 52. Bxe6 fxe6 53. Qe8 1-0

[Event "Sindelfingen"]
[Site "Sindelfingen"]
[Date "1984.11.03"]
[Round "13"]
[White "Chevaldonnet, Francois"]
[Black "Cladouras, Panagiotis"]
[Result "1/2-1/2"]
[WhiteElo "2350"]
[BlackElo "2325"]
[PlyCount "100"]
[EventDate "1984.10.??"]
[EventType "tourn"]
[EventRounds "13"]
[EventCountry "GER"]
[EventCategory "4"]
[SourceTitle "EXT 2002"]
[Source "ChessBase"]
[SourceDate "2001.11.25"]
[SourceVersion "1"]
[SourceVersionDate "2001.11.25"]
[SourceQuality "1"]

1. e4 e5 2. Nf3 Nc6 3. Bb5 a6 4. Bxc6 dxc6 5. 0-0 Qd6 6. d3 Ne7 7. Be3 Ng6 8. Nbd2 Be7 9. Qe2 c5 10. a4 0-0 11. Rfd1 Rd8 12. h3 f6 13. b3 Nf8 14. Nc4 Qc6 15. Bc1 Ne6 16. Ne3 Nf4 17. Qe1 Be6 18. Nf1 g5 19. N3h2 h5 20. Qe3 Kf7 21. Qf3 Rh8 22. Ng3 Rag8 23. Nf5 Bxf5 24. exf5 Qxf3 25. Nxf3 g4 26. Nh4 gxh3 27. g3 Ne2+ 28. Kh2 Nd4 29. Ra2 b6 30. Be3 Rd8 31. Bxd4 Rxd4 32. Re1 b5 33. axb5 axb5 34. Kxh3 c4 35. bxc4 bxc4 36. Re4 Bc5 37. Rxd4 Bxd4 38. Kg2 cxd3 39. cxd3 Rb8 40. Kf3 Rb4 41. Ke2 Bb6 42. Kf3 Ke7 43. Ng2 Rd4 44. Ra3 Kd6 45. Ne3 Bc5 46. Rc3 h4 47. Nc4+ Kd5 48. Ne3+ Kd6 49. Nc4+ Kd5 50. Ne3+ Kd6 1/2-1/2

[Event "Sindelfingen"]
[Site "Sindelfingen"]
[Date "1984.11.01"]
[Round "12"]
[White "Ostermeyer, Peter"]
[Black "Chevaldonnet, Francois"]
[Result "1/2-1/2"]
[WhiteElo "2460"]
[BlackElo "2350"]
[PlyCount "145"]
[EventDate "1984.10.??"]
[EventType "tourn"]
[EventRounds "13"]
[EventCountry "GER"]
[EventCategory "4"]
[SourceTitle "EXT 2002"]
[Source "ChessBase"]
[SourceDate "2001.11.25"]
[SourceVersion "1"]
[SourceVersionDate "2001.11.25"]
[SourceQuality "1"]

1. d4 Nf6 2. c4 g6 3. Nc3 Bg7 4. e4 d6 5. Bd3 0-0 6. Nge2 c5 7. d5 e6 8. 0-0 exd5 9. cxd5 Na6 10. Ng3 Nc7 11. h3 Rb8 12. a4 a6 13. a5 b5 14. axb6 Rxb6 15. Ra2 Bd7 16. Re1 Re8 17. Bg5 Qb8 18. Re2 Rb4 19. Qc1 Qb6 20. Bd2 h5 21. Nf1 Rb8 22. Ne3 Rd4 23. Nc4 Qa7 24. Qc2 Nb5 25. Be3 Nxc3 26. bxc3 Rxd3 27. Qxd3 Bb5 28. Reb2 Nd7 29. Rxb5 Rxb5 30. Nxd6 Rb3 31. g3 a5 32. Kg2 Qb6 33. Nc4 Qb8 34. Bd2 Ne5 35. Nxe5 Bxe5 36. f4 Bc7 37. e5 Rb2 38. Rxb2 Qxb2 39. d6 c4 40. Qd5 Bb6 41. d7 Bd8 42. g4 hxg4 43. hxg4 Qc2 44. e6 fxe6 45. Qxe6+ Kg7 46. Qe5+ Kh7 47. Qd5 Kg7 48. f5 gxf5 49. gxf5 a4 50. Qe5+ Kh7 51. Qh2+ Kg8 52. Qg3+ Kh8 53. Qf4 a3 54. Qh6+ Kg8 55. Qe6+ Kh8 56. Qe8+ Kh7 57. Qf7+ Kh8 58. Qf8+ Kh7 59. Qxd8 Qxd2+ 60. Kf3 Qxc3+ 61. Ke4 Qe1+ 62. Kd5 a2 63. Qc7 Qd2+ 64. Kc6 Qh6+ 65. Kb5 a1Q 66. d8Q+ Qag7 67. Qxg7+ Qxg7 68. Qh4+ Qh6 69. Qe7+ Kg8 70. f6 Qf8 71. Qe6+ Qf7 72. Qg4+ Kf8 73. Qc8+ 1/2-1/2

[Event "Sindelfingen"]
[Site "Sindelfingen"]
[Date "1984.10.28"]
[Round "8"]
[White "Berg, Klaus"]
[Black "Chevaldonnet, Francois"]
[Result "0-1"]
[WhiteElo "2390"]
[BlackElo "2350"]
[PlyCount "84"]
[EventDate "1984.10.??"]
[EventType "tourn"]
[EventRounds "13"]
[EventCountry "GER"]
[EventCategory "4"]
[SourceTitle "EXT 2002"]
[Source "ChessBase"]
[SourceDate "2001.11.25"]
[SourceVersion "1"]
[SourceVersionDate "2001.11.25"]
[SourceQuality "1"]

1. e4 d5 2. exd5 Nf6 3. c4 c6 4. d4 cxd5 5. Nc3 Nc6 6. Bg5 e6 7. c5 Be7 8. Bb5 0-0 9. Nf3 Ne4 10. Bxe7 Nxe7 11. Bd3 f5 12. 0-0 Rf6 13. Rc1 Rh6 14. b4 Ng6 15. g3 Bd7 16. a4 Qf6 17. b5 Rf8 18. Qe2 Be8 19. Rc2 Rh3 20. Ne5 Nxe5 21. dxe5 Qh6 22. Bxe4 fxe4 23. f4 Bh5 24. Qg2 Bf3 25. Rxf3 exf3 26. Qxf3 Qg6 27. Qg2 Rh6 28. c6 Qf5 29. cxb7 Qf7 30. Ne2 Qxb7 31. Rc6 Rc8 32. Nd4 Rxc6 33. bxc6 Qb6 34. Qd2 g5 35. Qc3 Qb1+ 36. Kg2 Qe4+ 37. Nf3 g4 38. c7 gxf3+ 39. Kf1 Qb1+ 40. Kf2 Rxh2+ 41. Ke3 Qg1+ 42. Kxf3 Qd1+ 0-1

[Event "Sindelfingen"]
[Site "Sindelfingen"]
[Date "1984.10.24"]
[Round "5"]
[White "Chevaldonnet, Francois"]
[Black "Sieglen, Joachim"]
[Result "0-1"]
[WhiteElo "2350"]
[BlackElo "2260"]
[PlyCount "50"]
[EventDate "1984.10.??"]
[EventType "tourn"]
[EventRounds "13"]
[EventCountry "GER"]
[EventCategory "4"]
[SourceTitle "EXT 2002"]
[Source "ChessBase"]
[SourceDate "2001.11.25"]
[SourceVersion "1"]
[SourceVersionDate "2001.11.25"]
[SourceQuality "1"]

1. e4 Nf6 2. Nc3 d5 3. exd5 Nxd5 4. Bc4 e6 5. Nf3 Be7 6. 0-0 0-0 7. Ne4 b6 8. d4 Bb7 9. Qe2 Nd7 10. Ne5 c5 11. Nxd7 Qxd7 12. Bb5 Qc7 13. dxc5 bxc5 14. Bd2 Nf4 15. Bxf4 Qxf4 16. Ng3 Rad8 17. Rad1 g6 18. Bc4 h5 19. Rfe1 h4 20. Nf1 h3 21. gxh3 Bf3 22. Rxd8 Bxe2 23. Rxf8+ Kxf8 24. Bxe2 Bh4 25. Ng3 Qd2 0-1

[Event "Sindelfingen"]
[Site "Sindelfingen"]
[Date "1984.10.23"]
[Round "4"]
[White "Weill, Roland"]
[Black "Chevaldonnet, Francois"]
[Result "1-0"]
[WhiteElo "2240"]
[BlackElo "2350"]
[PlyCount "87"]
[EventDate "1984.10.??"]
[EventType "tourn"]
[EventRounds "13"]
[EventCountry "GER"]
[EventCategory "4"]
[SourceTitle "EXT 2002"]
[Source "ChessBase"]
[SourceDate "2001.11.25"]
[SourceVersion "1"]
[SourceVersionDate "2001.11.25"]
[SourceQuality "1"]

1. e4 c5 2. Nc3 Nc6 3. f4 g6 4. Nf3 Bg7 5. Bb5 e6 6. Bxc6 bxc6 7. d3 d5 8. e5 Ne7 9. b3 0-0 10. Na4 f6 11. c4 Nf5 12. 0-0 Nd4 13. Nxd4 cxd4 14. Ba3 Rf7 15. Qe2 g5 16. fxg5 fxe5 17. Rxf7 Kxf7 18. Qh5+ Kg8 19. Rf1 Bd7 20. Qf7+ Kh8 21. Nc5 Be8 22. Qf8+ Bxf8 23. Rxf8+ Kg7 24. Nxe6+ Kg6 25. Nxd8 Rxd8 26. Be7 Rc8 27. Bf6 dxc4 28. dxc4 Bd7 29. Rxc8 Bxc8 30. Bxe5 d3 31. Bf4 Kf5 32. Bd2 Ke4 33. Kf2 Bg4 34. h3 Bd1 35. b4 Bc2 36. g4 Bb1 37. a4 Ba2 38. b5 c5 39. h4 Bxc4 40. h5 Bf7 41. g6 hxg6 42. h6 Bg8 43. a5 Kd5 44. a6 1-0

[Event "Metz Open-02"]
[Site "Metz"]
[Date "1984.04.??"]
[Round "?"]
[White "Chevaldonnet, Francois"]
[Black "Forintos, Gyozo Victor"]
[Result "1-0"]
[WhiteElo "2350"]
[BlackElo "2440"]
[PlyCount "49"]
[EventDate "1984.03.31"]
[EventType "swiss"]
[EventRounds "9"]
[EventCountry "FRA"]
[SourceTitle "EXT 2004"]
[Source "ChessBase"]
[SourceDate "2003.11.25"]
[SourceVersion "1"]
[SourceVersionDate "2003.11.25"]
[SourceQuality "1"]

1. e4 c5 2. Nf3 e6 3. d4 cxd4 4. Nxd4 Nc6 5. Nc3 a6 6. g3 Qc7 7. Bg2 Nf6 8. 0-0 Nxd4 9. Qxd4 Bc5 10. Qd1 d6 11. Bg5 Bd7 12. h3 Rc8 13. Qd2 Bc6 14. Rfe1 0-0 15. Rad1 Rfe8 16. Bxf6 gxf6 17. Qh6 Qe7 18. e5 fxe5 19. Bxc6 Rxc6 20. Ne4 f5 21. Nf6+ Kh8 22. Nxe8 Qxe8 23. Rxe5 dxe5 24. Qf6+ Kg8 25. Rd8 1-0

[Event "Bourgoin Jallieu GM"]
[Site "Bourgoin Jallieu"]
[Date "1982.06.29"]
[Round "12"]
[White "Chevaldonnet, Francois"]
[Black "Gurevich, Dmitry"]
[Result "0-1"]
[WhiteElo "2275"]
[BlackElo "2470"]
[PlyCount "72"]
[EventDate "1982.06.18"]
[EventType "tourn"]
[EventRounds "13"]
[EventCountry "FRA"]
[EventCategory "7"]
[SourceTitle "EXT 2016"]
[Source "ChessBase"]
[SourceDate "2015.10.08"]
[SourceVersion "1"]
[SourceVersionDate "2015.10.08"]
[SourceQuality "1"]

1. e4 c5 2. Nf3 d6 3. d4 cxd4 4. Nxd4 Nf6 5. Nc3 a6 6. Bg5 e6 7. f4 h6 8. Bh4 Qb6 9. Qd2 Qxb2 10. Rb1 Qa3 11. f5 Be7 12. fxe6 fxe6 13. Bc4 d5 14. exd5 Qc5 15. Be2 Nxd5 16. Bh5+ Kd7 17. Bxe7 Qxc3 18. Bh4 e5 19. Nf3 Qxd2+ 20. Kxd2 Nc6 21. Rhe1 Nf4 22. Nxe5+ Nxe5 23. Rxe5 g5 24. Rb4 Nxh5 25. Bf2 Nf4 26. Rd4+ Kc6 27. Re3 b5 28. Rc3+ Kb7 29. Rd6 Rb8 30. Rcc6 Re8 31. Bb6 Ka8 32. Bc7 Bb7 33. Bxb8 Bxc6 34. Rxc6 Kxb8 35. Rxh6 Re2+ 36. Kd1 Rxg2 0-1

[Event "Bordeaux "]
[Site "Bordeaux "]
[Date "1982.??.??"]
[Round "?"]
[White "Bernard, Christophe"]
[Black "Chevaldonnet, Francois"]
[Result "0-1"]
[WhiteElo "2270"]
[BlackElo "2275"]
[PlyCount "55"]
[EventDate "1982.??.??"]
[EventType "tourn"]
[EventRounds "9"]
[EventCountry "FRA"]
[EventCategory "3"]
[SourceTitle "EXT 2005"]
[Source "ChessBase"]
[SourceDate "2004.11.15"]
[SourceVersion "1"]
[SourceVersionDate "2004.11.15"]
[SourceQuality "1"]

1. Nf3 Nf6 2. g3 g6 3. b4 Bg7 4. Bb2 0-0 5. Bg2 d6 6. d3 e5 7. Nbd2 Qe7 8. 0-0 Nbd7 9. c4 Ne8 10. Qc2 f5 11. c5 Ndf6 12. e4 Nh5 13. exf5 gxf5 14. Rae1 Bf6 15. Nc4 Qg7 16. Nfd2 f4 17. d4 exd4 18. Qd3 a5 19. Nxa5 dxc5 20. Nxb7 Rb8 21. Nxc5 Rxb4 22. Ba3 Rb8 23. Ne6 Bxe6 24. Bxf8 Qxf8 25. Rxe6 Rb2 26. Ne4 Bg7 27. Ng5 Nef6 28. Qxd4 0-1

[Event "Pernik Benderev Memorial-07"]
[Site "Pernik"]
[Date "1981.06.??"]
[Round "13"]
[White "Chevaldonnet, Francois"]
[Black "Szekely, Peter"]
[Result "0-1"]
[WhiteElo "2305"]
[BlackElo "2425"]
[PlyCount "66"]
[EventDate "1981.06.??"]
[EventType "tourn"]
[EventRounds "13"]
[EventCountry "BUL"]
[EventCategory "8"]
[SourceTitle "MCD"]
[Source "ChessBase"]
[SourceDate "1999.07.01"]
[SourceVersion "1"]
[SourceVersionDate "1999.07.01"]
[SourceQuality "1"]

1. e4 c5 2. Nf3 d6 3. d4 cxd4 4. Nxd4 Nf6 5. Nc3 a6 6. Be2 e5 7. Nb3 Be7 8. 0-0 0-0 9. a4 Nc6 10. Be3 Be6 11. Qd2 Rc8 12. Rfd1 Nb4 13. a5 Qc7 14. f4 d5 15. Bb6 Qb8 16. fxe5 Nxe4 17. Nxe4 dxe4 18. Nc5 Bxc5+ 19. Bxc5 Rxc5 20. Qxb4 Rxc2 21. Qxe4 Rxb2 22. Rab1 Qa7+ 23. Kh1 Rxb1 24. Rxb1 Rc8 25. h3 g6 26. Bf3 Qc5 27. Qxb7 Qxa5 28. Be2 Rc2 29. Bxa6 Bxh3 30. Qe7 Bxg2+ 31. Kg1 Qxa6 32. Qd8+ Kg7 33. Qf6+ Qxf6 0-1